Nad strukturalizací společenského sektoru.

Štrukturalizačné kritériá a ich využitie. Územná pôsobnosť a popis jej foriem. Vlastnícke vzťahy. Organizácie uplatňujúce rôzne typy vlastníckych vzťahov. Trhové vzťahy a ich úroveň. Organizácia a riadenie. Zložky riadiaceho aparátu organizácií spoločenského charakteru. Organizačné formy. Fiškálne v...

Descrizione completa

Salvato in:
Dettagli Bibliografici
Autore principale: Rosa, M.
Natura: Capitolo di libro
Lingua:ceco
Soggetti:
Tags: Aggiungi Tag
Nessun Tag, puoi essere il primo ad aggiungerne!!

MARC

LEADER 00000naa a2200000 4500
001 r003284
005 20221125080838.1
041 0 |a cze 
044 |a [CS] 
245 1 0 |a Nad strukturalizací společenského sektoru.  |c M. Rosa 
520 |a Štrukturalizačné kritériá a ich využitie. Územná pôsobnosť a popis jej foriem. Vlastnícke vzťahy. Organizácie uplatňujúce rôzne typy vlastníckych vzťahov. Trhové vzťahy a ich úroveň. Organizácia a riadenie. Zložky riadiaceho aparátu organizácií spoločenského charakteru. Organizačné formy. Fiškálne vzťahy. 
610 2 0 |a štrukturalizácia 
610 2 0 |a politika fiškálna 
610 2 0 |a sektor verejný 
610 2 0 |a vlastníctvo 
610 2 0 |a politika regionálna 
610 2 0 |a vzťahy trhové 
610 2 0 |a štruktúra organizačná 
610 2 0 |a RSA 
100 1 |a Rosa, M.